00853nam a22002177a 450000500170000001000230001702000230004003500140006303700090007708200110008610000260009724500830012325000060020626000490021227001190026130000190038050000460039994200250044599900190047095201460048920241211152205.0 aDEC24SC ENG-142979 a9789355018649c599 aEN-126511 bDBAD a00021 aMalhotra, Raj 974999 aErrorless 24 Previous Years UPSC Civil Services IAS Prelims/cBy Raj Malhotra  a1 aNew DelhibS Chand and Company Limitedc2024 a A-27, 2nd Floor, Mohan Co-operative Industrial EstatebNew Delhie110044minfo@schandpublishing.comk011-49731800 avpp.c26cm(pb) a GS Paper 1 | 300+ Sub-Topics | 3460 MCQs 2ddccENh000mMALe1 c207595d207595 001040708NFICaLbLd2024-12-11eDelivery of Books Divisiong599.00l0o000 MALpEN-126511r2024-12-11 00:00:00t1v599.00w2024-12-11yEN